000 00770nam a2200217Ii 4500
003 JO-AjNU
008 230605s9999||||xx |||||||||||||| ||und||
020 _a978-9957-246-13-6
040 _aJO-AjNU
_bara
_erda
_cJO-AjNU
041 _aara
050 1 4 _aQA11.H87 2019
100 3 _aحسين، هشام بركات بشر,
_eauthor
_960094
245 0 0 _aتعليم الرياضيات في عالم متعدد الثقافات
250 _aط1
264 3 1 _aعمان: دار صفاء للنشر والتوزيع، 2019
300 _a140ص
_bيحتوي على مراجع من ص127-140ص
336 _atext
_btxt
_2rdacontent
337 _aunmediated
_bn
_2rdamedia
338 _avolume
_bnc
_2rdacarrier
650 4 _aالرياضيات - تعليم وتعلم
_960095
999 _aA27078
_c30646
_d30646